El Danubio (Record no. 9502)

MARC details
000 -CABECERA
campo de control de longitud fija 00804nam a2200265 a 4500
001 - NÚMERO DE CONTROL
campo de control BRL_690
005 - FECHA Y HORA DE LA ÚLTIMA TRANSACCIÓN
campo de control 20190320210844.0
008 - DATOS DE LONGITUD FIJA--INFORMACIÓN GENERAL
campo de control de longitud fija 250913s1990----sp-b######---#000-0#spa-#
020 ## - NÚMERO INTERNACIONAL ESTÁNDAR DEL LIBRO
Número Internacional Estándar del Libro 8433931423
041 ## - CÓDIGO DE LENGUA
Código de lengua del texto/banda sonora o título independiente spa
044 ## - CÓDIGO DEL PAÍS DE LA ENTIDAD EDITORA/PRODUCTORA
Código MARC del país sp
050 #4 - SIGNATURA TOPOGRÁFICA DE LA BIBLIOTECA DEL CONGRESO
Número de clasificación DB449.2
Número de documento/Ítem .M34 1990
100 1# - ENTRADA PRINCIPAL--NOMBRE DE PERSONA
Nombre de persona Magris, Claudio
9 (RLIN) 24658
245 10 - MENCIÓN DE TÍTULO
Título El Danubio
Mención de responsabilidad, etc. Claudio Magris ; traducción de Joaquín Jordá.
250 ## - MENCIÓN DE EDICIÓN
Mención de edición 3
260 ## - PUBLICACIÓN, DISTRIBUCIÓN, ETC.
Lugar de publicación, distribución, etc. Barcelona
Nombre del editor, distribuidor, etc. Anagrama
Fecha de publicación, distribución, etc. 1990
300 ## - DESCRIPCIÓN FÍSICA
Extensión 375 p.
Otras características físicas il., mapas
Dimensiones 22 cm.
500 ## - NOTA GENERAL
Nota general Traducción de: Danubio
500 ## - NOTA GENERAL
Nota general Au773
600 14 - PUNTO DE ACCESO ADICIONAL DE MATERIA--NOMBRE DE PERSONA
Nombre de persona Magris, Claudio
Subdivisión general Viajes
Subdivisión cronológica Danube River Valley
Subdivisión geográfica Valle de Rio Danubio
9 (RLIN) 24659
651 #4 - PUNTO DE ACCESO ADICIONAL DE MATERIA--NOMBRE GEOGRÁFICO
Nombre geográfico Valle del Rio Danubio
Subdivisión de forma Danube River Valley
Subdivisión general Descripción y viajes
9 (RLIN) 24660
700 1# - PUNTO DE ACCESO ADICIONAL--NOMBRE DE PERSONA
Nombre de persona Jordá, Joaquín
Término indicativo de función/relación tr.
9 (RLIN) 24661
902 ## - CATALOGADOR
Iniciales GRL
942 ## - ELEMENTOS DE PUNTO DE ACCESO ADICIONAL (KOHA)
Fuente del sistema de clasificación o colocación Library of Congress Classification
Tipo de ítem Koha Libros
Holdings
Estado de retiro Estado de pérdida Estado dañado No para préstamo Localización permanente Ubicación/localización actual Fecha de adquisición Número de inventario Total de préstamos Signatura topográfica completa Código de barras Fecha visto por última vez Precio válido a partir de Tipo de ítem Koha
El ejemplar forma parte de la colección y puede ser consultado según las políticas vigentes.       Biblioteca Centro de Estudios Ruth D. Lechuga Biblioteca Centro de Estudios Ruth D. Lechuga 25/09/2013 Au773   DB449.2 .M34 1990 (Au773) GRL00761 22/03/2019 22/03/2019 Libros